Loading...
| Fine Arts - Classical Music | 3 | 6.67 | 67% | 0% | 0% |
| Fine Arts - Other Fine Arts | 3 | 6.67 | 67% | 0% | 0% |
| Fine Arts - Visual Fine Arts | 5 | 14.00 | 100% | 40% | 0% |
| Geography/Current Events | 2 | 15.00 | 100% | 50% | 0% |
| History - American History | 5 | 14.00 | 100% | 40% | 0% |
| History - European History | 3 | 10.00 | 67% | 33% | 0% |
| History - Other History | 3 | 20.00 | 100% | 67% | 33% |
| History - World History | 2 | 15.00 | 100% | 50% | 0% |
| Literature - American Literature | 4 | 10.00 | 100% | 0% | 0% |
| Literature - British Literature | 3 | 13.33 | 100% | 33% | 0% |
| Literature - European Literature | 3 | 10.00 | 100% | 0% | 0% |
| Literature - World/Other Literature | 4 | 10.00 | 100% | 0% | 0% |
| Mythology | 2 | 10.00 | 100% | 0% | 0% |
| Other Academic | 2 | 15.00 | 100% | 50% | 0% |
| Philosophy | 6 | 10.00 | 67% | 33% | 0% |
| Religion | 3 | 6.67 | 67% | 0% | 0% |
| Science - Biology | 2 | 10.00 | 100% | 0% | 0% |
| Science - Chemistry | 2 | 10.00 | 100% | 0% | 0% |
| Science - Other Science | 3 | 13.33 | 100% | 33% | 0% |
| Science - Physics | 4 | 10.00 | 75% | 25% | 0% |
| Social Science | 4 | 12.50 | 100% | 25% | 0% |